Normal view
MARC view
- HYDRAULICS.HYDRAULIC MACHINES
Entry Topical Term
001 - CONTROL NUMBER
- control field: 65041
003 - CONTROL NUMBER IDENTIFIER
- control field: NUST
005 - DATE AND TIME OF LATEST TRANSACTION
- control field: 20210628203354.0
008 - FIXED-LENGTH DATA ELEMENTS
- fixed length control field: 210628|| aca||aabn | a|a d
040 ## - CATALOGING SOURCE
- Original cataloging agency: NUST
- Transcribing agency: NUST
150 ## - HEADING--TOPICAL TERM
- Topical term or geographic name entry element: HYDRAULICS.HYDRAULIC MACHINES
670 ## - SOURCE DATA FOUND
- Source citation: Work cat.: (NUST): Engineer Akhtar Ali 65040, Hydraulics and hydraulic machines, 2010
